El desorden. La teoría del caos y las ciencias sociales. Elogio de la fecundidad del movimiento
Gardado en:
| Autor Principal: | |
|---|---|
| Formato: | Libro |
| Idioma: | Lingua castelá |
| Publicado: |
Barcelona, España
Gedisa
2003
|
| Edición: | 4a. reimpresión |
| Series: | Cla-De-Ma. Filosofía
|
| Subjects: | |
| Acceso en liña: | Disponible Online |
| Tags: |
Engadir etiqueta
Sen Etiquetas, Sexa o primeiro en etiquetar este rexistro!
|
MARC
| LEADER | 00000cam a2200000 a 4500 | ||
|---|---|---|---|
| 001 | UCJ1064 | ||
| 003 | CL-VaPUC | ||
| 005 | 20240125113212.0 | ||
| 008 | 060929e20030000SP |||||||||||||||||spa|d | ||
| 999 | |c 317783 |d 317781 | ||
| 020 | |a 8474323525 | ||
| 040 | |c Pontificia Universidad Católica de Valparaíso | ||
| 082 | 0 | 4 | |a 530.1 BAL 2003 |2 21 |
| 100 | 0 | |a Balandier, Georges |e author |9 501591 | |
| 245 | 1 | 3 | |a El desorden. |b La teoría del caos y las ciencias sociales. Elogio de la fecundidad del movimiento |
| 250 | |a 4a. reimpresión | ||
| 260 | |a Barcelona, España |b Gedisa |c 2003 | ||
| 300 | |a 237 páginas | ||
| 440 | |a Cla-De-Ma. Filosofía |9 860442 | ||
| 583 | |a last modification |c 20140425 09:07:15 |k Rodrigo Vera | ||
| 650 | 0 | |a Teoría del caos |2 CL-VaPUC |9 430624 | |
| 650 | 0 | |a Cambio social |9 256857 | |
| 650 | 0 | |a Antropología cultural y social |9 265143 | |
| 856 | |y Disponible Online |u http://bibliografiadigital.pucv.cl.pucv.idm.oclc.org/index.php/bibliotecapucv/catalog/book/308 | ||
| 942 | |c BK |2 ddc | ||
| 945 | |d 20060929 00:00:00 |a cmena | ||
| 952 | |0 0 |1 0 |4 0 |6 530_100000000000000_BAL_2003 |7 0 |8 A |9 394695 |a BIBEDU |b BIBEDU |d 2019-11-22 |i 4224299 |o 530.1 BAL 2003 |p 4224299 |r 2019-11-22 |w 2019-11-22 |y BK |k FIL | ||
| 952 | |0 0 |1 0 |4 0 |6 530_100000000000000_BAL_2003 |7 0 |8 A |9 394696 |a BIBGIM |b BIBGIM |d 2019-11-22 |i 4458435 |l 4 |m 6 |o 530.1 BAL 2003 |p 4458435 |r 2025-01-15 |s 2024-03-18 |w 2019-11-22 |y BK |k SSL | ||
| 952 | |0 0 |1 2 |4 0 |6 530_100000000000000_BAL_2003 |7 0 |8 A |9 394697 |a BIBGIM |b BIBGIM |d 2019-11-22 |i 4458443 |o 530.1 BAL 2003 |p 4458443 |r 2019-11-22 |w 2019-11-22 |y BK |k SSL | ||
| 952 | |0 0 |1 2 |4 0 |6 530_100000000000000_BAL_2003 |7 0 |8 A |9 394698 |a BIBGIM |b BIBGIM |d 2019-11-22 |i 460900K |o 530.1 BAL 2003 |p 460900K |r 2019-11-22 |w 2019-11-22 |y BK |k COM | ||
| 952 | |0 0 |1 0 |4 0 |6 530_100000000000000_BAL_2003 |7 0 |8 A |9 394699 |a BIBGIM |b BIBGIM |d 2019-11-22 |i 4895312 |o 530.1 BAL 2003 |p 4895312 |r 2025-01-15 |w 2019-11-22 |y BK |k SSL | ||
| 952 | |0 0 |1 0 |3 erb |4 0 |6 530_100000000000000_BAL_2003 |7 0 |8 A |9 394700 |a BIBGIM |b BIBGIM |i 5070406 |l 5 |o 530.1 BAL 2003 |p 5070406 |r 2025-01-15 |s 2023-04-06 |w 2019-11-22 |y BK |z Catalogado en:20140409 |k SSL | ||
| 952 | |0 0 |1 0 |3 erb |4 0 |6 530_100000000000000_BAL_2003 |7 0 |8 A |9 394701 |a BIBGIM |b BIBGIM |i 5070414 |l 3 |m 4 |o 530.1 BAL 2003 |p 5070414 |r 2025-04-30 |s 2025-04-22 |w 2019-11-22 |y BK |z Catalogado en:20140409 |k SSL | ||
| 952 | |0 0 |1 2 |3 erb |4 0 |6 530_100000000000000_BAL_2003 |7 0 |8 A |9 394702 |a BIBGIM |b BIBGIM |i 5070422 |o 530.1 BAL 2003 |p 5070422 |r 2019-11-22 |w 2019-11-22 |y BK |z Catalogado en:20140409 |k SSL | ||